000
00312nam a2200121Ia 4500
008
190216s9999||||xx |||||||||||||| ||und||
100
_a
Goel B S & Mittal S K
245
0
_a
Operations Research
260
_b
Prentice Hall Of India Pvt Ltd
_c
2000
300
_a
991p
650
_a
Operation Research
942
_c
BK
999
_c
6105
_d
6105